书目信息 |
| 题名: |
南极考察记
|
|
| 作者: | 张青松 著 | |
| 分册: | ||
| 出版信息: | 北京 知识出版社 1981 |
|
| 页数: | 121页 | |
| 开本: | 19cm | |
| 丛书名: | ||
| 单 册: | ||
| 中图分类: | P941.61 , I26 | |
| 科图分类: | ||
| 主题词: | 散文--中国 , 散文--作品综合集--中国 | |
| 电子资源: | ||
| ISBN: | ||
| 000 | 00632nam0 2200265 45 980 | |
| 001 | 1562925572 | |
| 005 | 20170927145015.51 | |
| 010 | @dCNY0.44 | |
| 091 | @a12214.3 | |
| 100 | @a19980610 m 0 | |
| 101 | 0 | @achi |
| 102 | @aCN@b110000 | |
| 105 | @ay 000yy | |
| 106 | @ar | |
| 200 | 10 | @a南极考察记@Anan ji kao cha ji@f张青松著 |
| 210 | @a北京@c知识出版社@d1981 | |
| 215 | @a121页@d19cm | |
| 606 | 0 | @a散文@x中国 |
| 606 | 0 | @a散文@x作品综合集@x中国 |
| 607 | @a南极 | |
| 690 | @aP941.61@v3 | |
| 690 | @aI26@v4 | |
| 701 | 0 | @a张青松@4著@Azhang qing song |
| 801 | 0 | @aCN@bTSSF@c20150128 |
| 905 | @aZUCC@dI26@eJY88 | |
| 南极考察记/张青松著 .-北京:知识出版社,1981 |
| 121页;19cm |
| ISBN :CNY0.44 |
| ● |
| 相关链接 |
|
|
|
|
正题名:南极考察记
索取号:I26/JY88
 
预约/预借
| 序号 | 登录号 | 条形码 | 馆藏地/架位号 | 状态 | 备注 |
| 1 | 7840946 | 278409465 | 学院路分馆/ [索取号:I26/JY88] | 在馆 |